000 00573nam a2200217Ia 4500
003 OSt
005 20220928143036.0
006 a|||||r|||| 00| 0
007 ta
008 220927b |||||||| |||| 00| 0 eng d
024 _a20643
037 _cTextual
040 _aSDCL
_cSDCL
_beng
041 _2eng
_aeng
082 _aX:89Q8, N4
100 _aJoiner Brian L
_9504286
245 0 _aFourth generation management
_b The new business consciousness
260 _c1994
942 _hX:89Q8, N4
_cTEXL
_2CC
999 _c822741
_d822741